000
00189 a2200109 4500
020
_a
978055351154
041
_a
spa
100
_a
Liz Wogn
245
_a
Cuacua
942
_c
BK
952
_7
1
999
_c
23068
_d
23068